[Event "IND-ch U13 33rd"]
[Site "Visakhapatnam"]
[Date "2019.05.04"]
[Round "1"]
[White "Jubin, Jimmy"]
[Black "Saravanan, J."]
[Result "1-0"]
[WhiteElo "2214"]
[BlackElo "1173"]
[PlyCount "127"]
[EventDate "2019.05.04"]
[EventType "swiss"]
[EventRounds "11"]
[EventCountry "IND"]
[SourceTitle "CBM 190 Extra"]
[Source "ChessBase"]
[SourceDate "2019.07.15"]
[SourceVersion "1"]
[SourceVersionDate "2019.07.15"]
[SourceQuality "1"]

1. d4 d5 2. c4 e6 3. Nc3 Nf6 4. cxd5 exd5 5. Bg5 Be7 6. Qc2 h6 7. Bh4 c6 8. e3 Be6 9. Bd3 Nbd7 10. Nge2 Nb6 11. 0-0 0-0 12. Rad1 Rc8 13. h3 g5 14. Bg3 Nh5 15. Be5 Ng7 16. Bh2 f5 17. Be5 Bf6 18. f4 Qd7 19. Rf2 Rf7 20. Rdf1 Rcf8 21. Qd1 Nc8 22. Ng3 Nd6 23. Nh5 Nde8 24. Bc2 Kh8 25. b3 Kg8 26. Na4 b6 27. Nb2 Bxe5 28. fxe5 Kh8 29. Bb1 Kg8 30. Bd3 Kh8 31. h4 Qe7 32. Bb1 Kg8 33. Nd3 Bd7 34. g3 Kh8 35. Rh2 Kg8 36. Rff2 Be6 37. Qe2 Bd7 38. Rh1 Qe6 39. hxg5 hxg5 40. Rfh2 Nxh5 41. Rxh5 Rg7 42. Rh8+ Kf7 43. Qh5+ Ke7 44. Rh7 Rff7 45. Rh6 Nf6 46. exf6+ Rxf6 47. Ne5 Be8 48. Rxf6 Qxf6 49. Qh8 f4 50. Rh6 Rg6 51. Nxg6+ Bxg6 52. Qxf6+ Kxf6 53. Rxg6+ Kf7 54. gxf4 gxf4 55. exf4 c5 56. Bd3 c4 57. bxc4 dxc4 58. Be4 b5 59. d5 c3 60. d6 b4 61. f5 a5 62. Bd5+ Ke8 63. Be6 c2 64. Rg8# 1-0